Learning through art and artefacts
Saved in:
| Main Author: | |
|---|---|
| Format: | Book |
| Language: | English |
| Published: |
London :
Hodder & Stoughton,
1994
|
| Series: | Art and design for learning
|
| Subjects: | |
| Tags: |
Add Tag
No Tags, Be the first to tag this record!
|
MARC
| LEADER | 00000nam a2200000 i 4500 | ||
|---|---|---|---|
| 001 | 1/7675 | ||
| 008 | 000622s1994 eng d | ||
| 020 | |a 0-340-59683-X | ||
| 035 | |l 10062372 | ||
| 040 | |a GR-MY-UA |b gre |e aacr | ||
| 041 | 0 | |a eng | |
| 082 | 0 | |a 372.5 | |
| 100 | 1 | |a Stephens, Kate. | |
| 245 | 1 | 0 | |a Learning through art and artefacts / |c Kate Stephens |
| 260 | |a London : |b Hodder & Stoughton, |c 1994 | ||
| 300 | |a 128 p. | ||
| 490 | 1 | |a Art and design for learning | |
| 650 | 0 | 0 | |a Art |x Study and teaching (Elementary) |z Great Britain. |
| 650 | 0 | 0 | |a Child artists. |
| 830 | 0 | |a Art and design for learning | |
| 852 | |a INST |b RHODES |e 20000622 |h 372.5 STE |p 005400014828 |q 005400014828 |t BK |y 0 | ||
| 901 | |a BIBL4-2000-2 | ||
| 909 | |a Ρ |b 078586 | ||
| 922 | |a 4ΕΛΗ |b 199905 |c ΚΠΣ/154 |d LEADER BOOKS | ||
| 970 | |a ΚΟΥΛΑΚΙΟΤΗ |b ΛΙΤΣΑ |z 2000/06/22 | ||